[Event "FRA-chT2 0405"]
[Site "France"]
[Date "2005.03.12"]
[Round "8.4"]
[White "Demarre, Jacques"]
[Black "Morice, Ludovic"]
[Result "1/2-1/2"]
[WhiteElo "2281"]
[BlackElo "2059"]
[PlyCount "118"]
[EventDate "2004.10.10"]
[EventType "team"]
[EventRounds "11"]
[EventCountry "FRA"]
[SourceTitle "EXT 2006"]
[Source "ChessBase"]
[SourceDate "2005.11.24"]
[SourceVersion "1"]
[SourceVersionDate "2005.11.24"]
[SourceQuality "1"]
[WhiteTeam "Issy les Moulineaux"]
[BlackTeam "Brest"]
[WhiteTeamCountry "FRA"]
[BlackTeamCountry "FRA"]

1. d4 Nf6 2. c4 c5 3. d5 b5 4. cxb5 a6 5. Nc3 axb5 6. e4 b4 7. Nb5 d6 8. Bf4 g5 9. Bxg5 Nxe4 10. Bf4 Nf6 11. Qe2 Ra6 12. Qd2 Bg7 13. Bc4 Nbd7 14. Bh6 Bxh6 15. Qxh6 Ne5 16. Be2 Rg8 17. Nf3 Nxf3+ 18. Bxf3 Ra5 19. a4 Bd7 20. 0-0 Bxb5 21. axb5 Qa8 22. Rae1 Kd8 23. Rxe7 Kxe7 24. Re1+ Ne4 25. Rxe4+ Kd7 26. Qh3+ Kc7 27. Re7+ Kb6 28. g3 Ra7 29. Re2 Re8 30. Qh6 Rd7 31. Rxe8 Qxe8 32. Qxh7 Qe1+ 33. Kg2 Re7 34. Qh6 Qe5 35. Qf8 Kxb5 36. b3 Rb7 37. Qc8 Rb6 38. Qa8 Ra6 39. Qb7+ Rb6 40. Qxf7 Qe1 41. Qf5 Rb7 42. Qc8 Qe7 43. h4 Rc7 44. Qa8 Kb6 45. Qb8+ Rb7 46. Qh8 Rd7 47. Qa8 Rd8 48. Qc6+ Ka7 49. Be2 Qe4+ 50. Kg1 Qxe2 51. Qc7+ Ka6 52. Qxd8 Qd1+ 53. Kh2 Qxd5 54. Qc8+ Kb5 55. Qb8+ Ka6 56. Qc8+ Kb6 57. Qd8+ Kb5 58. Qe8+ Kb6 59. Qe3 Kc7 1/2-1/2

[Event "FRA-chT2 0405"]
[Site "France"]
[Date "2005.01.08"]
[Round "5.2"]
[White "Morice, Ludovic"]
[Black "Simon, Olivier"]
[Result "0-1"]
[WhiteElo "2059"]
[BlackElo "2289"]
[PlyCount "62"]
[EventDate "2004.10.10"]
[EventType "team"]
[EventRounds "11"]
[EventCountry "FRA"]
[SourceTitle "EXT 2006"]
[Source "ChessBase"]
[SourceDate "2005.11.24"]
[SourceVersion "1"]
[SourceVersionDate "2005.11.24"]
[SourceQuality "1"]
[WhiteTeam "Brest"]
[BlackTeam "Evry II"]
[WhiteTeamCountry "FRA"]
[BlackTeamCountry "FRA"]

1. d4 Nf6 2. Nc3 d5 3. Bg5 Nbd7 4. Qd3 c6 5. 0-0-0 Qa5 6. Bxf6 Nxf6 7. a3 e6 8. e4 a6 9. e5 Nd7 10. Nf3 Be7 11. h4 c5 12. Ng5 cxd4 13. Qxd4 h6 14. Nf3 g6 15. Rh3 Qc5 16. Qd2 b5 17. b4 Qc7 18. Re1 Bb7 19. Nd4 Nb6 20. Ree3 g5 21. f4 gxf4 22. Ref3 Qxe5 23. Rxf4 Rc8 24. Qf2 Rf8 25. Re3 Qd6 26. Ref3 Nd7 27. Rxf7 Rxf7 28. Ncxb5 axb5 29. Nxb5 Qe5 30. Rxf7 Nf6 31. Rxf6 Bxf6 0-1

[Event "FRA-chT2 0405"]
[Site "France"]
[Date "2004.11.06"]
[Round "2.2"]
[White "Navrotescu, Catalin"]
[Black "Morice, Ludovic"]
[Result "1-0"]
[WhiteElo "2399"]
[BlackElo "2059"]
[PlyCount "74"]
[EventDate "2004.10.10"]
[EventType "team"]
[EventRounds "11"]
[EventCountry "FRA"]
[SourceTitle "EXT 2006"]
[Source "ChessBase"]
[SourceDate "2005.11.24"]
[SourceVersion "1"]
[SourceVersionDate "2005.11.24"]
[SourceQuality "1"]
[WhiteTeam "Clermont Ferrand"]
[BlackTeam "Nantes"]
[WhiteTeamCountry "FRA"]
[BlackTeamCountry "FRA"]

1. d4 Nf6 2. c4 c5 3. d5 b5 4. cxb5 a6 5. b6 Qxb6 6. Nc3 e6 7. e4 d6 8. Nf3 Be7 9. Nd2 0-0 10. Be2 Bb7 11. Nc4 Qd8 12. Bf3 e5 13. 0-0 Nbd7 14. a4 a5 15. Be2 Nb6 16. Na3 Nbd7 17. Nab5 Ba6 18. Be3 Re8 19. Qd2 Bf8 20. Rac1 Bb7 21. b3 Rc8 22. Na3 Ra8 23. Bb5 Ba6 24. Rfe1 Bxb5 25. Naxb5 Nb8 26. f4 Nfd7 27. f5 Na6 28. Na3 Nb4 29. Nc4 Nb6 30. Nb5 Nxc4 31. bxc4 Rb8 32. Re2 Be7 33. g3 Rb7 34. h4 Bf6 35. Rg2 Rf8 36. Rf1 g6 37. g4 Kh8 1-0

[Event "Rohde op 03rd"]
[Site "Sautron"]
[Date "2003.10.25"]
[Round "1"]
[White "Morice, Ludovic"]
[Black "Koziak, Vitali"]
[Result "0-1"]
[WhiteElo "2093"]
[BlackElo "2460"]
[PlyCount "82"]
[EventDate "2003.10.25"]
[EventType "swiss"]
[EventRounds "9"]
[EventCountry "FRA"]
[SourceTitle "EXT 2004"]
[Source "ChessBase"]
[SourceDate "2003.11.25"]
[SourceVersion "1"]
[SourceVersionDate "2003.11.25"]
[SourceQuality "1"]

1. e4 c5 2. Nf3 Nc6 3. Bb5 g6 4. c3 Nf6 5. e5 Nd5 6. 0-0 Bg7 7. Re1 0-0 8. d4 cxd4 9. cxd4 d6 10. Nc3 Nxc3 11. bxc3 Bg4 12. exd6 exd6 13. h3 Bf5 14. Bg5 Qc7 15. Qd2 a6 16. Ba4 Na5 17. Re7 Qc4 18. Bd7 Bxd7 19. Rxd7 Qc6 20. Re7 Rac8 21. Qe2 Qd5 22. Re1 Rxc3 23. Bd2 Rc2 24. Re8 Nc4 25. Rxf8+ Bxf8 26. Qd3 Rxa2 27. Bc1 f6 28. Qb3 Ra1 29. Qc3 Rb1 30. Qc2 Rb6 31. Qe2 Qf7 32. h4 d5 33. g3 Rc6 34. Kg2 b5 35. Nh2 b4 36. Ng4 b3 37. Bh6 f5 38. Bxf8 fxg4 39. Bh6 Qf3+ 40. Qxf3 gxf3+ 41. Kxf3 b2 0-1

[Event "Nantes op 2nd"]
[Site "Nantes"]
[Date "2003.??.??"]
[Round "7"]
[White "Berthelot, Yannick"]
[Black "Morice, Ludovic"]
[Result "1-0"]
[WhiteElo "2331"]
[BlackElo "2093"]
[PlyCount "81"]
[EventDate "2003.12.26"]
[EventType "swiss"]
[EventRounds "9"]
[EventCountry "FRA"]
[SourceTitle "CBM 097 Extra"]
[Source "ChessBase"]
[SourceDate "2004.01.13"]
[SourceVersion "1"]
[SourceVersionDate "2004.01.13"]
[SourceQuality "1"]

1. e4 c5 2. Nf3 d6 3. d4 cxd4 4. Nxd4 Nf6 5. Nc3 g6 6. Be3 Bg7 7. f3 Nc6 8. Qd2 0-0 9. Bc4 Bd7 10. 0-0-0 Qa5 11. Kb1 Rfc8 12. Bb3 Ne5 13. h4 Nc4 14. Bxc4 Rxc4 15. Nb3 Qc7 16. g4 a5 17. g5 Rxc3 18. Qxc3 Qxc3 19. bxc3 Nh5 20. Bd4 Bb5 21. Bxg7 Kxg7 22. Rd5 Be2 23. Rxa5 Rxa5 24. Nxa5 Bxf3 25. Re1 b6 26. Nc4 Nf4 27. Re3 Be2 28. Nxb6 Ba6 29. Nd5 Ng2 30. Rh3 f5 31. Rh2 Bf1 32. exf5 gxf5 33. Nxe7 f4 34. Nf5+ Kg6 35. Nxd6 Kh5 36. Ne4 Nxh4 37. Rf2 Bg2 38. Rxf4 Ng6 39. Nf6+ Kxg5 40. Rg4+ Kxf6 41. Rxg2 1-0

[Event "FRA-chT2"]
[Site "France"]
[Date "2002.03.??"]
[Round "11.6"]
[White "Le Duin, Thierry"]
[Black "Morice, Ludovic"]
[Result "0-1"]
[WhiteElo "2015"]
[BlackElo "2060"]
[PlyCount "54"]
[EventDate "2002.??.??"]
[EventType "team"]
[EventRounds "11"]
[EventCountry "FRA"]
[SourceTitle "EXT 2003"]
[Source "ChessBase"]
[SourceDate "2002.11.25"]
[SourceVersion "1"]
[SourceVersionDate "2002.11.25"]
[SourceQuality "1"]

1. d4 Nf6 2. Nf3 g6 3. Bg5 Bg7 4. Nbd2 d5 5. e3 0-0 6. Bd3 b6 7. 0-0 Bb7 8. c3 Nbd7 9. Qc2 c5 10. Rae1 Re8 11. Ne5 Nxe5 12. dxe5 Nd7 13. f4 f6 14. Bxg6 hxg6 15. Qxg6 Nf8 16. Qh5 fxg5 17. fxg5 e6 18. Rf3 Re7 19. g6 Qe8 20. Rg3 d4 21. exd4 cxd4 22. Rf1 dxc3 23. Nf3 Bxf3 24. Rfxf3 cxb2 25. Rf1 Rc8 26. Rh3 Rc1 27. Rb3 Qxg6 0-1

[Event "FRA-chT3 01"]
[Site "France"]
[Date "2001.03.11"]
[Round "7"]
[White "Morice, Ludovic"]
[Black "Alanic, Xavier"]
[Result "0-1"]
[WhiteElo "2030"]
[BlackElo "2075"]
[PlyCount "112"]
[EventDate "2001.??.??"]
[EventType "team"]
[EventRounds "9"]
[EventCountry "FRA"]
[SourceTitle "EXT 2002"]
[Source "ChessBase"]
[SourceDate "2001.11.25"]
[SourceVersion "1"]
[SourceVersionDate "2001.11.25"]
[SourceQuality "1"]
[WhiteTeam "Brest"]
[BlackTeam "Guingamp"]
[WhiteTeamCountry "FRA"]
[BlackTeamCountry "FRA"]

1. e4 d5 2. exd5 Nf6 3. d4 Bg4 4. f3 Bf5 5. Bb5+ c6 6. dxc6 Qa5+ 7. Nc3 Nxc6 8. Bd2 0-0-0 9. Bxc6 bxc6 10. Nge2 Qb6 11. Qc1 e5 12. dxe5 Nd5 13. Na4 Qa6 14. b3 Nb6 15. Nac3 Bc5 16. b4 Bxb4 17. 0-0 Qc4 18. Kh1 Na4 19. Qe1 Rhe8 20. Ne4 Rxd2 21. Nxd2 Qxc2 22. Nd4 Qd3 23. Nxf5 Qxf5 24. Qe4 Qxe4 25. Nxe4 Rxe5 26. Rac1 c5 27. h3 Nb6 28. Rfd1 Kc7 29. Rc2 f5 30. Ng3 g6 31. Kh2 Nd5 32. Re2 Rxe2 33. Nxe2 Kc6 34. Rc1 Kb5 35. g3 Ka4 36. Kg2 Ka3 37. Kf2 Kxa2 38. Rd1 Nb6 39. Rd8 c4 40. Rh8 c3 41. Rxh7 a5 42. Rg7 Nd5 43. Nxc3+ Bxc3 44. Rxg6 a4 45. Rd6 Nb4 46. Rd8 Kb3 47. h4 Nc6 48. Rd1 Kc2 49. Rh1 a3 50. g4 f4 51. g5 Nb4 52. h5 a2 53. Kg2 Nd3 54. h6 Nc1 55. g6 a1Q 56. Kh2 Qa6 0-1

[Event "FRA-chT3 01"]
[Site "France"]
[Date "2001.01.14"]
[Round "5"]
[White "Tripoteau, Nicolas"]
[Black "Morice, Ludovic"]
[Result "1-0"]
[WhiteElo "2173"]
[BlackElo "2030"]
[PlyCount "49"]
[EventDate "2001.??.??"]
[EventType "team"]
[EventRounds "9"]
[EventCountry "FRA"]
[SourceTitle "EXT 2002"]
[Source "ChessBase"]
[SourceDate "2001.11.25"]
[SourceVersion "1"]
[SourceVersionDate "2001.11.25"]
[SourceQuality "1"]
[WhiteTeam "Auray"]
[BlackTeam "Brest"]
[WhiteTeamCountry "FRA"]
[BlackTeamCountry "FRA"]

1. d4 Nf6 2. Nc3 c5 3. d5 Qa5 4. Bd2 b5 5. e4 b4 6. e5 bxc3 7. Bxc3 Qc7 8. exf6 gxf6 9. Qh5 Ba6 10. Bxa6 Nxa6 11. 0-0-0 Rg8 12. Nh3 0-0-0 13. Kb1 Rxg2 14. Qxh7 Qd6 15. Qe4 Rg6 16. Rhe1 Kb7 17. Bd2 Kc8 18. Bf4 Qb6 19. Re3 d6 20. Rb3 Qc7 21. Qa4 Nb8 22. Bd2 Qd7 23. Qa5 Qc7 24. Qxc7+ Kxc7 25. Ba5+ 1-0

[Event "Guingamp op 5th"]
[Site "Guingamp"]
[Date "2001.??.??"]
[Round "5"]
[White "Chatalbashev, Boris"]
[Black "Morice, Ludovic"]
[Result "1-0"]
[WhiteElo "2495"]
[BlackElo "2030"]
[PlyCount "51"]
[EventDate "2001.04.??"]
[EventType "swiss"]
[EventRounds "7"]
[EventCountry "FRA"]
[SourceTitle "EXT 2003"]
[Source "ChessBase"]
[SourceDate "2002.11.25"]
[SourceVersion "1"]
[SourceVersionDate "2002.11.25"]
[SourceQuality "1"]

1. d4 Nf6 2. c4 c5 3. d5 b5 4. Nf3 Bb7 5. Nbd2 e6 6. e4 bxc4 7. Bxc4 exd5 8. exd5 Be7 9. 0-0 0-0 10. Nb1 d6 11. Nc3 Nbd7 12. a4 Ne8 13. a5 Nc7 14. Qd3 Rb8 15. Bf4 Nf6 16. Ng5 Bc8 17. b3 Qd7 18. Nce4 Nxe4 19. Nxe4 Rb7 20. Rfe1 Rd8 21. Re3 Bf8 22. Rae1 Qf5 23. Rf3 Qg6 24. Rg3 Qf5 25. Bd2 h6 26. Bxh6 1-0